000 00516nam a22001817a 4500
005 20231114073604.0
008 231114b |||||||| |||| 00| 0 eng d
020 _a0409056278
041 _aEnglish
082 _a345 SNY
100 _aSnyman, CR
_lEnglish
245 _aCriminal Law /
_cCR Snyman
250 _aFourth Edition
260 _aDurban :
_bLexisNexis Butterworths,
_c2002
300 _bxii, 616 pages ;
_c25 cm.
650 _aLegal practice
_bLaw
942 _cBK
_6ALISON_BN_VRIES
999 _c604
_d604